Movies Quiz

Random Movies or Marvel Quiz

MCU Subtitles Quiz Stats

 Plays Quiz Updated Jul 21, 2019

Score 0/10 Timer 01:30
13 Plays Today
Answer % Correct
Infinity War
91.5%
Age of Ultron
90.9%
Civil War
90.1%
The Winter Soldier
90.1%
The Dark World
88.1%
The First Avenger
86.2%
Ragnarok
85.9%
Homecoming
74.6%
Endgame
56.1%
Far From Home
25.6%

You're not logged in!

Compare scores with friends on all Sporcle quizzes.
OR
Log In

Sporcle TV

Today on Sporcle TV


Watch our educational content, quiz creation guides, and fun videos on Sporcle TV.

Show Comments

Extras

Top Quizzes Today


Score Distribution

Your Account Isn't Verified!

In order to create a playlist on Sporcle, you need to verify the email address you used during registration. Go to your Sporcle Settings to finish the process.

Report this User

Report this user for behavior that violates our Community Guidelines.

Details: